00285nam a2200121Ia 45000030006000000080041000060400015000471000030000622450033000922600009001255460012001340050017001460STCL150530s9999 xx 000 0 und d aSTCLcSTCL aSynge; Henn, T.R.; Editor aPlays and poems of J.M.Synge c1963 aEnglish20220125171005.0